| 000 | 00469nam a2200169 i 4500 | ||
|---|---|---|---|
| 001 | 50866 | ||
| 003 | ES-MaACL | ||
| 005 | 20230906162242.0 | ||
| 007 | t| | ||
| 008 | 030807s1932 fr ||||1| fre d | ||
| 100 | 1 |
_aCuénot, Lucien. _942013 |
|
| 245 | 1 | 3 |
_aLa genése des especes animales / _cpar Lucien Cuenot. |
| 250 | _a3eme ed. | ||
| 260 |
_aParís : _bPresses Universitaires de France, _c1932. |
||
| 300 |
_aVIII, 822 p. ; _c23 cm. |
||
| 852 |
_aES-MaACL _jA-3680 |
||
| 999 |
_c50866 _d50866 |
||